|
|
|
|
| LEADER |
00000nas a2200000 a 4500 |
| 001 |
ssj0001042 |
| 003 |
WaSeSS |
| 005 |
20200512172242.0 |
| 006 |
m d |
| 007 |
cr n |
| 008 |
020320c19799999pauqr pss 0 a0eng c |
| 010 |
|
|
|a 2002238343
|
| 015 |
|
|
|a GBA602791
|2 bnb
|
| 016 |
7 |
|
|a 013351525
|2 Uk
|
| 022 |
|
|
|a 1521-0383
|l 0192-6187
|y 0192-6187
|
| 030 |
|
|
|a IJFPDM
|
| 035 |
|
|
|a (WaSeSS)ssj0001042
|
| 040 |
|
|
|a SBH
|b eng
|c SBH
|d IUL
|d OCLCQ
|d TMC
|d EYM
|d OCLCQ
|d GUA
|d SBH
|d NSD
|d OCLCQ
|d OCLCE
|d ORU
|d AU@
|d OCLCQ
|d UKMGB
|d OCL
|d OCLCQ
|d OCLCO
|d OCLCQ
|d OCLCO
|d OCLCF
|d OCLCO
|d OCLCQ
|d ZAC
|d VT2
|d BUF
|d OCLCO
|d U3W
|d CEF
|d OCLCO
|d OCLCA
|d WaSeSS
|
| 042 |
|
|
|a pcc
|a nsdp
|a dlr
|
| 050 |
1 |
4 |
|a RC488.5
|
| 082 |
1 |
0 |
|a 616
|2 13
|
| 130 |
0 |
|
|a American journal of family therapy (Online)
|
| 222 |
|
4 |
|a The American journal of family therapy
|b (Online)
|
| 245 |
1 |
4 |
|a The American journal of family therapy
|h [electronic resource].
|
| 260 |
|
|
|a [Philadelphia, PA] :
|b [Taylor & Francis Group]
|
| 310 |
|
|
|a Five no. a year,
|b 2001-
|
| 321 |
|
|
|a Quarterly,
|b 1979-2000
|
| 362 |
1 |
|
|a Print began with vol. 7, no. 1 (spring 1979).
|
| 506 |
|
|
|a License restrictions may limit access.
|
| 520 |
|
|
|a " ... continues to be the incisive, authoritative, independent voice in an ever-changing field. You will find the latest techniques for treating families; theory on normal and dysfunctional family relationships; research on sexuality and intimacy; the effects of traditional and alternative family styles; community approaches to family intervention; and more."
|
| 538 |
|
|
|a Master and use copy. Digital master created according to Benchmark for Faithful Digital Reproductions of Monographs and Serials, Version 1. Digital Library Federation, December 2002.
|u http://purl.oclc.org/DLF/benchrepro0212
|5 MiAaHDL
|
| 583 |
1 |
|
|a digitized
|c 2010
|h HathiTrust Digital Library
|l committed to preserve
|5 MiAaHDL
|2 pda
|
| 588 |
|
|
|a Description based on: Vol. 27, no. 1 (Jan./Mar. 1999); title from contents screen (MetaPress, viewed Aug. 15, 2006).
|
| 588 |
|
|
|a Latest issue consulted: Vol. 35, no. 4 (July 2007) (informaworkd, viewed Sept. 26, 2007).
|
| 650 |
|
0 |
|a Family psychotherapy
|v Periodicals.
|
| 650 |
|
6 |
|a Thérapie familiale
|v Périodiques.
|
| 650 |
|
6 |
|a Thérapie conjugale
|v Périodiques.
|
| 650 |
|
6 |
|a Famille
|v Périodiques.
|
| 650 |
|
7 |
|a Family psychotherapy.
|2 fast
|0 (OCoLC)fst00920448
|
| 650 |
1 |
7 |
|a Gezinstherapie.
|2 gtt
|
| 650 |
|
2 |
|a Marital Therapy.
|
| 650 |
|
2 |
|a Family Therapy.
|
| 650 |
|
2 |
|a Counseling.
|
| 650 |
|
2 |
|a Family.
|
| 655 |
|
0 |
|a Electronic journals.
|
| 776 |
0 |
8 |
|i Print version:
|t American journal of family therapy
|x 0192-6187
|w (DLC) 81643219
|w (OCoLC)4941265
|
| 780 |
0 |
0 |
|t International journal of family counseling
|w (DLC) 2007247693
|w (OCoLC)173312718
|
| 856 |
4 |
0 |
|z Full text available from Research Library: 12/01/1997 to 10/31/2000
|u https://search.proquest.com/publication/23101
|